Marvel Villains by Actor - Statistics

General Stats
  • This quiz has been taken 215 times
    214 since last reset
  • The average score is 13 of 22
Answer Stats
Hint Answer % Correct
Tom Hiddleston Loki
99%
Josh Brolin Thanos
88%
Willem DaFoe Green Goblin
83%
James Spader Ultron
83%
Jamie Foxx Electro
74%
Hugo Weaving Red Skull
74%
Ian McKellen Magneto
69%
Karen Gillan Nebula
68%
Topher Grace Venom
67%
Thomas Haden Church Sandman
66%
Mickey Rourke Whiplash
63%
Rhys Ifans Lizard
60%
Lee Pace Ronan the Accuser
59%
Tim Roth Abomination
55%
Jeff Bridges Iron Monger
55%
Oscar Isaacs Apocalypse
53%
Alfred Molina Dr. Octopus
52%
Frank Grillo Crossbones
51%
Corey Stoll Yellowjacket
44%
Julian McMahon Dr. Doom
33%
Ed Skrein Ajax
22%
Gina Carino Angeldust
19%
No matching quizzes found
Score Distribution
Percent of People with Each Score
Percentile by Number Answered
Your Score History
You have not taken this quiz since the last reset